| 000 | 00922cam a2200217 4500 | ||
|---|---|---|---|
| 001 | WB3829-03 | ||
| 008 | 020806n2002 000 0 eng u | ||
| 035 | _a(Sirsi) u119233 | ||
| 245 | _aCapital growth slows | ||
| 260 | _c2002 | ||
| 490 |
_aEstates Gazette _v(0231) 3 August 2002, 27(1) |
||
| 520 | _aAccording to Jones Lang LaSalle's latest research, capital growth, which has driven the UK's property performance, is going to slow down. JLL's quarterly property index for Q2 shows an all-property return of 4%. Equity returns fell 11% over the quarter to June while capital growth of 2.2% was the driver of returns said JLL. Rental growth was a marginal 0.2%. http://www.joneslanglasalle.com | ||
| 590 | _aWB | ||
| 650 | _aCAPITAL GROWTH | ||
| 650 | _aPROPERTY PERFORMANCE | ||
| 650 | _aSLOWDOWN | ||
| 650 | _aEQUITY MARKET | ||
| 650 | _aINVESTMENT | ||
| 690 | _aPROPERTY-COMMERCIAL PROPERTY | ||
| 942 | _n0 | ||
| 999 |
_c70914 _d70914 |
||